| 000 | 00371nam a22001337a 4500 | ||
|---|---|---|---|
| 003 | OSt | ||
| 005 | 20240403093810.0 | ||
| 008 | 240403b |||||||| |||| 00| 0 eng d | ||
| 040 | _cCentral Library MRSPTU | ||
| 100 | _aGurdyal Singh | ||
| 245 | _aHansahan Di Pheri (ਹੰਸਾਂ ਦੀ ਫੇਰੀ) | ||
| 260 |
_aNew Delhi _bNavjug Publishers _c2017 |
||
| 942 |
_2ddc _cBK _n0 |
||
| 999 |
_c9942 _d9942 |
||